000 03195nam0a2200409 4500
001 RU\NLR\BIBL_A\016364808
005 20230727130153.0
010 _a978-5-209-11704-9
_9100
021 _aRU
_bКН-П-23-021762
_9КН-П-23-2162
035 _a(NLR Aleph) 016364808
035 _a(RuMoRGB)011706598
090 _a13163322
_c13163322
100 _a20230510d2022 k y0rusy50 ca
101 0 _arus
_aeng
102 _aRU
105 _aa z 100zy
181 0 _ai
_baxxe
182 0 _an
200 1 _aСредства массовой коммуникации в многополярном мире: проблемы и перспективы
_eматериалы XIII всероссийской научно-практической конференции, Москва, РУДН, 10 ноября 2022 г.
_fФедеральное государственное автономное образовательное учреждение высшего образования "Российский университет дружбы народов", Филологический факультет, Кафедра массовых коммуникаций
_gпод редакцией доктора филологических наук, профессора Г. Н. Трофимовой
203 _aТекст
_bвизуальный
_cнепосредственный
210 _aМосква
_cРУДН
_d2022
215 _a281 с.
_cтабл.
_d20
300 _aЧасть текста англ.
320 _aБиблиогр. в конце ст.
327 1 _aВ кн. включены материалы I Всерос. студенч. науч.-практ. конф. "Многополярный мир в зеркале современной молодёжной медиакоммуникации"
606 1 _aСредства массовой информации
_jСъезды, совещания и т.п
_92114705
_3RU\NLR\AUTH\661277644
686 1 _aЧ600.0я431
686 1 _aС550.57я431
702 1 _aТрофимова
_bГ. Н.
_gГалина Николаевна
_4340
711 1 2 _a"Средства массовой коммуникации в многополярном мире: проблемы и перспективы", всероссийская научно-практическая конференция
_d12
_eМосква
_f2021
_9799436
_3RU\NLR\AUTH\880566260
711 1 2 _a"Многополярный мир в зеркале современной молодёжной медиакоммуникации", всероссийская студенческая научно-практическая конференция
_d1
_eМосква
_f2022
_9848245
_3RU\NLR\AUTH\880591351
712 0 2 _4557
_aРоссийский университет дружбы народов
_bКафедра массовых коммуникаций
_9868308
_3RU\NLR\AUTH\8810187410
942 _cBOOK
980 _aNB